Přizpůsobivost v procesu organizace.

Pojem prispôsobivosti podniku. Obecná charakteristika prispôsobivosti. Popis vývoja organizácie podniku pomocou krivky životnosti. Prispôsobivosť podniku z hľadiska jeho rozhodujúcej funkcie. Diferenciácia organizácie a riadenia v dôsledku štrukturalizácie výrobku.

Salvato in:
Dettagli Bibliografici
Autore principale: Vávrová, Věra
Natura: Capitolo di libro
Lingua:ceco
Soggetti:
Tags: Aggiungi Tag
Nessun Tag, puoi essere il primo ad aggiungerne!!

MARC

LEADER 00000naa a2200000 4500
001 r005640
005 20221125080849.8
041 0 |a cze 
044 |a [CS] 
245 1 0 |a Přizpůsobivost v procesu organizace.  |c Věra Vávrová 
520 |a Pojem prispôsobivosti podniku. Obecná charakteristika prispôsobivosti. Popis vývoja organizácie podniku pomocou krivky životnosti. Prispôsobivosť podniku z hľadiska jeho rozhodujúcej funkcie. Diferenciácia organizácie a riadenia v dôsledku štrukturalizácie výrobku. 
610 2 0 |a stratégia podniková 
610 2 0 |a podnik výrobný 
610 2 0 |a mechanizmus trhový 
100 1 |a Vávrová, Věra